| 000 | 00933nac a22002897a 4500 | ||
|---|---|---|---|
| 001 | BR0403975 | ||
| 003 | BR-BrBNA | ||
| 005 | 20240105123037.0 | ||
| 008 | 230509b bl.|||m| |||| 00| 0 por d | ||
| 040 |
_aBR-BrBNA _bpor _cBiblioteca Nacional de Agricultura |
||
| 072 | _aF30 | ||
| 090 | _a2480 BR0403975 | ||
| 110 | 1 |
_aCentro Nacional de Pesquisa de Seringueira e Dendê, Manaus, AM (Brasil) _91799 |
|
| 245 | 1 | _aMelhoramento genético da seringueira | |
| 260 | 3 |
_aManaus, AM (Brasil): _c1989. |
|
| 300 | _a23 p. | ||
| 490 |
_aDocumentos - Centro Nacional de Pesquisa de Seringueira e Dendê (Brazil) _vno. 10 _xISSN 0101-9058 |
||
| 650 | _aSERINGUEIRA | ||
| 650 | _aSEMENTE | ||
| 650 | _aCLONE | ||
| 650 | _aPOLINIZAÇÃO | ||
| 650 | _aVARIEDADE RESISTENTE | ||
| 650 | _aCONTROLE BIOLÓGICO | ||
| 650 | _aMELHORAMENTO GENÉTICO VEGETAL | ||
| 909 |
_a202312 _bLúcia Elande _c55 _dLúcia Elande |
||
| 942 |
_2AGRIS _n0 _cMS |
||
| 999 |
_c293761 _d293761 |
||